| 000 | 00762nam a2200241 a 4500 | ||
|---|---|---|---|
| 001 | 763 | ||
| 003 | BR-CuiBMT | ||
| 005 | 20231127195640.0 | ||
| 008 | 231116s2017 baba 000 0 POR d | ||
| 020 | _a9788544212745 | ||
| 040 |
_aBR-CuiBMT _cBR-CuiBMT |
||
| 080 |
_22007 _a349.2 _x(81) |
||
| 090 |
_a349.2(81) _bD192p |
||
| 100 | 1 |
_aDantas, Adriano Mesquita, _d1982- |
|
| 245 | 1 | 2 |
_aA proteção contra despedida arbitrária ou sem justa causa no Brasil / _cAdriano Mesquita Dantas. |
| 260 |
_aSalvador : _bJusPODIVM, _c2017. |
||
| 300 |
_a153 p. : _bil. ; _c21 cm |
||
| 504 | _aInclui bibliografia. | ||
| 650 |
_aDireito do trabalho _zBrasil |
||
| 650 |
_aTrabalhadores _xDireitos fundamentais _zBrasil |
||
| 650 |
_aTrabalhadores _xProteção |
||
| 942 |
_2udc _cLV |
||
| 999 |
_c763 _d763 |
||